10 Dutch history facts - Statistics

General Stats
  • This quiz has been taken 32 times
  • The average score is 4 of 10
Answer Stats
Question Answer % Correct
Where were tulips originally imported from in the 17th century? Ottoman Empire
86%
When did Germany invade the Netherlands in the WW2? May 10th, 1940
71%
What did the Dutch take in exchange for New Amsterdam (New York)? Suriname
57%
What happened on the 1st of January, 2002? The euro was implemented
57%
After which war was the Republic of the Seven United Netherlands founded in 1648? Eighty Years' War
43%
When was marijuana legalized in the Netherlands? It never was legalized
43%
In which Dutch city was Mata Hari born? Leeuwarden
29%
In which year was the United Kingdom of the Netherlands declared? 1815
14%
The Dutch have been making cheese since which century? 400 A.D.
0%
When did Indonesia gain independence from the Netherlands? August 17th, 1945
0%
No matching quizzes found
Score Distribution
Percent of People with Each Score
Percentile by Number Answered
Your Score History
You have not taken this quiz